000 00205nam a22001217a 4500
040 _cSK
082 _a631
100 _aNA
245 _aIRRIGATION
260 _aNA
_bNA
_cNA
300 _a70p.
942 _cEK
999 _c8628
_d8628